000 01721cam a22003851i 4500
003 SA-RiAUC
005 20251030142416.0
008 251029s2004 su g b f100 0 ara c
020 _a9960956377
020 _a 9960956369
020 _a 9960956377 (مج. 1)
020 _a 9960956385 (مج. 2)
020 _a 9960956393 (مج. 3)
040 _aSA-RiKSU
_bara
_cSA-RiAUC
_erda
082 0 4 _a214.303482
_qSA-RiAUC
090 _a214.303482
_bن د و
111 2 _aندوة الإسلام وحوار الحضارات
_d( 1424 هجري :
_cالرياض)
245 1 2 _aالإسلام وحوار الحضارات /
_cمكتبة الملك عبد العزيز العامة.
250 _aالطبعة الأولى.
264 1 _aالرياض :
_bمكتبة الملك عبد العزيز العامة،
_c2004
300 _a3 مجلد ؛
_c24 سم.
336 _aنص
_btxt
_2rdacontent
_3كتاب
337 _aبدون وسيط
_bn
_2rdamedia
338 _aمجلد
_bnc
_2rdacarrier
490 0 _aسلسلة الأعمال المحكمة ؛
_v57
500 _aالكتاب عبارة عن ندوة الإسلام وحوار الحضارات التي عقدت في الرياض سنة 1424 هـ.
504 _aببليوجرافية : صفحة 571-574، 27.
650 7 _aالإسلام والحضارة
_vمؤتمرات
_2aucsh
650 7 _aالإسلام والثقافة
_vمؤتمرات
_2aucsh
710 2 _aمكتبة الملك عبد العزيز العامة
_eمنظم.
830 2 _aسلسلة الأعمال المحكمة (مكتبة الملك عبد العزيز العامة)
_v57
942 _2ddc
_cBOOK
_n0
949 _aSA-JeALM
_d251029
_umohamedma123
_n1
999 _c12855
_d12855